000 00598nam a2200205Ia 4500
005 20250326141724.0
008 250326s9999 xx 000 0 und d
020 _a1-55542-196-2
037 _aTextbook
040 _aFMSL
_beng
_cFMSL
041 _aeng
_2eng
084 _aX:87 N0
_qFMSL
100 _aBrown D
_941524
245 0 _aCareer choice and development: applying contemporary theories to practice
_cBrown D; Brooks L
250 _a2
260 _aSan Francisco
_bSan Francisco, Jossey-Bass
_c1990
300 _a645p
942 _cTB
_hX:87 N0
999 _c1291661
_d1291661